000 00319cam a22001217a 4500
008 180718b1963 xxu||||| |||| 00| 0 eng d
082 _aR8x73 Su59
100 _aSultan, Paul E.
245 _aDisenchanted unionist
_cby Paul E. Sultan
260 _aNew York
_bHarper
_c1963
300 _a272p.
650 _aFormer Unionists
999 _c434940
_d434940